[Event "Beersheba"]
[Site "Beersheba"]
[Date "1996.??.??"]
[Round "5"]
[White "Bykhovsky, Avigdor"]
[Black "Kantsler, Boris"]
[Result "1-0"]
[WhiteElo "2405"]
[BlackElo "2475"]
[Annotator "Kantsler,B"]
[PlyCount "109"]
[EventDate "1996.03.??"]
[EventType "tourn"]
[EventRounds "11"]
[EventCountry "ISR"]
[EventCategory "10"]
[SourceTitle "CBM 053"]
[Source "ChessBase"]
[SourceDate "1996.08.01"]
[SourceVersion "1"]
[SourceVersionDate "1996.08.01"]
[SourceQuality "1"]

1. d4 d6 2. e4 Nf6 3. f3 e5 4. d5 Be7 5. Be3 Nh5 6. c4 Bg5 7. Bf2 O-O 8. h4 $1
Be7 (8... Bf4 9. Ne2 f5 10. exf5 (10. g3 $6 fxe4 11. gxf4 exf3 $13) 10... Bxf5
11. g4 Bxb1 12. Qxb1 Nf6 13. Nxf4 exf4 14. Bd3 $16) 9. Nc3 Nd7 10. Nge2 $1 {N/}
(10. g4 $6 Nf4 11. Nge2 Ng6 $1 12. g5 (12. h5 Nf4 $15) 12... f6 13. h5 Nh8 14.
h6 g6 $15 {Serebrjanik,A-Kantsler,B/ISR/1994/0:1/35/}) 10... c6 11. Qd2 Nb6 12.
g4 Nf6 (12... Nxc4 $2 13. Qd3 Nxb2 14. Qc2 $16) 13. Ng3 (13. b3 $5 $16) 13...
Ne8 14. Nf5 (14. g5 f6 $13) 14... Bxf5 15. exf5 $6 (15. gxf5 $5 cxd5 16. cxd5
Rc8 17. b3 Nf6 18. h5 $14) 15... cxd5 16. cxd5 Rc8 17. b3 Rxc3 $6 (17... Nf6 $5
18. g5 Nh5 $13) 18. Qxc3 Nxd5 19. Qd2 Nf4 20. O-O-O d5 $6 (20... Nf6 $14) 21.
Be3 Nf6 22. Bxf4 exf4 23. g5 $1 (23. Qxf4 Bd6 $44) 23... Bc5 (23... Nh5 24. Bd3
$16) 24. Kb1 (24. Qxf4 $6 Nh5 $132) 24... Be3 (24... Nh5 25. Bc4 $16) 25. Qb4
Nh5 26. Bc4 d4 27. Qxb7 Ng3 28. Rh2 Nxf5 29. Bd3 Ne7 30. Rc2 Qd6 (30... Nd5 31.
Be4 $16) 31. Be4 $16 Qe6 32. Rc7 Nc8 33. Qd5 Qh3 34. Rxf7 $1 Nb6 (34... Rxf7
35. Qd8+ Rf8 36. Bd5+ $18) 35. Rxf8+ Kxf8 36. Qd8+ Kf7 37. Qc7+ Qd7 38. Qxd7+
Nxd7 39. b4 Ne5 40. Kc2 h6 41. gxh6 gxh6 42. Rf1 Ke6 43. a4 Kd6 44. a5 h5 45.
b5 Kc7 46. Ra1 Kb8 47. Ra2 d3+ 48. Kd1 d2 49. Rc2 Nf7 50. a6 Nd6 51. Bd5 Nc8
52. Bf7 Bf2 53. Bxh5 Bxh4 54. Bg4 Nb6 55. Kxd2 1-0

[Event "Mermaid Beach Club m"]
[Site "Bermuda"]
[Date "1999.01.28"]
[Round "7"]
[White "Seirawan, Yasser"]
[Black "Adams, Michael"]
[Result "1/2-1/2"]
[WhiteElo "2643"]
[BlackElo "2716"]
[Annotator "Kaspi,A"]
[PlyCount "93"]
[EventDate "1999.01.21"]
[EventType "match"]
[EventRounds "10"]
[EventCountry "BER"]
[SourceTitle "CBM 069"]
[Source "ChessBase"]
[SourceDate "1999.04.01"]
[SourceVersion "1"]
[SourceVersionDate "1999.04.01"]
[SourceQuality "1"]

1. d4 d6 2. e4 Nf6 3. f3 d5 4. e5 Nfd7 5. f4 c5 6. Nf3 Nc6 7. c4 e6 8. cxd5
exd5 9. Nc3 (9. Bd3 $2 cxd4 10. O-O Nc5 {/\Qb6,Nb4} 11. a3 Qb6 12. b4 Nxd3 13.
Qxd3 g6 $1 $17 {0-1 Sjodahl,P-Hodgson,J/Harplinge 1998/CBM 67/[Yudasin, L] (31)
}) 9... cxd4 10. Nxd4 Ndxe5 $1 {[%mdl 64]} (10... Nb6 11. Be3 $14) 11. Bb5 $146
(11. Nxc6 Nxc6 12. Qxd5 Be6 13. Qxd8+ Rxd8 14. Bb5 Bc5 15. Bd2 Bf2+ 16. Ke2 O-O
17. Be3 Bxe3 18. Kxe3 Rfe8 $17 {0-1 Lodhi,M-Hodgson,J/Dhaka 1993/EXT 93 (74)})
(11. fxe5 $2 Qh4+ 12. g3 Qxd4 13. Qxd4 Nxd4 14. Nxd5 Bg4 $1) 11... Bd7 $1 {
The force play is starting now.} 12. Nxd5 Bc5 13. Nb3 Bg4 14. Qd2 Qh4+ (14...
Nf3+ $2 15. gxf3 Bxf3 16. Nxc5 Bxh1 17. Qe3+ Kf8 18. Nc3 Qh4+ 19. Qg3 Re8+ 20.
Kf2 $18) 15. Kf1 O-O-O {[%cal Rd8d5]} 16. Nxc5 Be6 17. Nxe6 fxe6 18. g3 Qh3+
19. Qg2 Qxg2+ 20. Kxg2 Rxd5 {After the tactical struggle the game was
transformed to the ending,where the advantage of pair of bishops covered by
activity of black pieces.Chances are equal about.} 21. Ba4 Nd3 22. Bb3 Rd6 23.
Be3 $6 (23. Rd1 $142 Rhd8 24. Rb1 $11) 23... b6 $6 (23... Nxb2 $142 24. Bc5 (
24. Rac1 Nd3 25. Rc3 (25. Rc2 Kb8 26. Rd1 Rhd8 27. Rcd2 Ne1+ 28. Kf1 Rxd2 29.
Rxd2 Rxd2 30. Bxd2 Nf3 31. Bc3 Nfd4 $17) 25... Kb8 26. Rd1 Rhd8 $15) 24... Rd2+
25. Kh3 Re2 $15) 24. Rhf1 $6 (24. Rab1 $142 $11) 24... g6 $6 (24... Nxb2 $142
25. Rac1 Kb8 $15) 25. Rab1 Kb7 26. Bd1 Rc8 27. Bf3 Kb8 28. Rfd1 Rcd8 29. Bxc6 {
Knights are strong in this position.White decides to change one of them.} Rxc6
30. Rd2 Rd5 31. Rbd1 Rcd6 32. b3 Nb4 33. Rxd5 Nxd5 34. Kf2 Rc6 $11 {Nd5 has
perfect outpost on d5,but bishop is strong too.The position is equal.} 35. Rd2
(35. Rc1 Rxc1 36. Bxc1 Nb4 {[%cal Rb4d3,Rb4a2]} 37. Ke3 Nxa2 38. Bd2 Kc7 39.
Ke4 Kd6 {White can not use Na2.}) 35... Kc7 36. Bd4 Rc1 37. Bb2 Rh1 38. Kf3 h5
39. Be5+ Kd7 40. Rc2 a5 41. Rd2 Rc1 42. Kg2 {[%cal Gg2h3,Gh3h4,Gh4g5]} Ke8 43.
Kh3 Kf7 44. Kh4 b5 45. Bb2 Rc5 46. Bd4 Rc1 47. Bb2 1/2-1/2

[Event "Israel"]
[Site "Israel"]
[Date "1999.02.15"]
[Round "?"]
[White "Kaspi, Alexander"]
[Black "Kantsler, Boris"]
[Result "1/2-1/2"]
[WhiteElo "2510"]
[BlackElo "2536"]
[Annotator "Kaspi,A"]
[PlyCount "99"]
[EventDate "1999.??.??"]
[EventType "game"]
[EventRounds "1"]
[EventCountry "ISR"]
[SourceTitle "CBM 072"]
[Source "ChessBase"]
[SourceDate "1999.10.01"]
[SourceVersion "1"]
[SourceVersionDate "1999.10.01"]
[SourceQuality "1"]

1. d4 {Tyomkin,D} d6 2. e4 Nf6 3. f3 d5 (3... e5 4. d5 Be7 5. c4 Nh5 6. Be3 Bg5
7. Bf2 O-O 8. h4 Be7 9. Nc3 Nd7 10. Nge2 c6 11. Qd2 Nb6 12. g4 $16 {Bykhovsky,
Av-Kantsler,B/Beer Sheva/1996/1:0/50/}) 4. e5 Ng8 (4... Nfd7 $5) 5. Be3 Bf5 (
5... c6 6. Nc3 h5 7. Bd3 Nh6 8. Nge2 Bf5 9. Nf4 e6 10. Bf2 $14 {Lutz,C-Delchev,
A/Moscow/1994/1:0/28/}) 6. g4 Bc8 (6... Bg6 7. Ne2 {[%csl Rg6][%cal Ge2f4,
Gh2h4] and blacks bishop is in troubles.}) 7. Nh3 (7. Ne2 $5) 7... h5 $146 (
7... e6 8. Nf2 Ne7 9. c3 h5 10. Bd3 c5 11. dxc5 $5 hxg4 12. fxg4 Nd7 13. Bb5
Nc6 14. Nd3 Qh4+ $1 15. Bf2 Qh7 $1 16. Nd2 a6 17. Bxc6 bxc6 18. Qf3 a5 19. c4
Ba6 20. Rc1 Be7 21. Rc3 f6 $1 22. Qe2 O-O 23. O-O fxe5 24. Nxe5 Nxe5 25. Qxe5
Qg6 26. h3 $1 Bg5 27. Be3 Bf6 28. Qxe6+ Kh7 29. Ra3 Rfe8 30. Qxc6 dxc4 $2 (
30... Bxb2 $10) 31. Rf5 Bxb2 $2 32. Rh5+ $18 {1-0 Bykhovsky,A-Kanstler,B/Tel
Aviv 1996/CBM 53/[Bykhovsky,Av] (40)}) 8. Nf2 e6 9. c3 b6 10. Nd2 Qd7 11. h3
Ne7 12. f4 {White has a large development advantage,but on other hand black
doesn't have weeknesses in his position and the center is closed. With the
last move white begins an attack on the kingside.} Ba6 13. Bxa6 Nxa6 14. Qe2
Nb8 15. O-O-O $14 Nbc6 16. Nd3 O-O-O 17. f5 $1 {White pieces are consolidated,
and that is the right time for the break.} hxg4 (17... exf5 18. gxh5 Re8 19.
Nf4 Nd8 20. Nf3 $14 {[%csl Rf8,Rg7][%cal Gh1g1]}) 18. fxe6 fxe6 (18... Qxe6 19.
Nf4 Qd7 20. hxg4 Rxh1 21. Rxh1 {Black has to block e6-point in few moves,but
it doesn't solve all problems:} Re8 {[%cal Gc6d8,Gd8e6]} 22. Rh7 Nd8 23. Nh5
Ne6 24. Ng3 $14 {[%cal Gg3f5]} (24. Qf3 Ng6 {[%cal Gc7c5]})) 19. hxg4 Rxh1 20.
Rxh1 Ng6 21. Ne1 (21. Qf3 Qe8 22. Rh7 Rd7 {[%cal Gd7f7]}) 21... Be7 22. Qd3 Qe8
23. Nef3 Rd7 24. Kb1 {White achieved advantage on the kingside and intends to
get some play on other one.} (24. Rh7 Bd8) 24... Kb7 25. a3 Nf8 26. Bg5 $6 {
White doesn't have to change pieces-black gets more space for monouevring.} (
26. b4 $142 {The idea is to make preparation for forthcoming ending.} Qg6 27.
Qxg6 Nxg6 28. Kc2 $14) 26... Na5 27. Ka2 Bxg5 28. Nxg5 Ng6 (28... Qe7 $2 29.
Ngf3 Qf7 30. Rf1 $16) 29. Rf1 Re7 30. Rf3 a6 31. b4 Nc6 32. Rf1 {White is
still better,but there is not clear how to break blacks position.} Nf8 33. Kb2
Rd7 34. Nb3 Qe7 35. Qd2 Qe8 36. a4 Nd8 37. a5 Nf7 38. Nh3 (38. Nf3 Nd8 39. Qe2
Rf7 $11) 38... Nd8 39. Ra1 Re7 40. axb6 cxb6 41. Nf4 (41. Qe2 Qb5 42. Qxb5 axb5
43. Ng5 Nf7 $11) 41... Rf7 42. Nd3 Qb5 43. Nbc5+ $5 {[%mdl 512]} bxc5 44. Ra5
Qb6 (44... Qc6 45. Nxc5+ Kc7 (45... Kb8 46. Qe2 Ra7 47. Qf1 {-leads to the
same story,as in the game.}) 46. Qe2 Nd7 47. Rxa6 Nb6 48. Kb3 Kc8 49. g5 g6 50.
b5 Qc7 51. Qa2 Qb8 52. Kb4 {White is still pressing,but probably there is no
more then draw for white.White can forse the repetition of moves by Qa5 Nc4;
Qa2(threatening Ra8)Nb6;Qa5}) 45. Nxc5+ Kb8 46. Qe2 Ra7 47. Qf1 Rf7 48. Qe2 Ra7
49. Qf1 Rf7 50. Qe2 1/2-1/2

[Event "Mondariz zt 1.1"]
[Site "Mondariz"]
[Date "2000.09.12"]
[Round "9"]
[White "Godena, Michele"]
[Black "Conquest, Stuart"]
[Result "1-0"]
[WhiteElo "2485"]
[BlackElo "2529"]
[Annotator "Kaspi,A"]
[PlyCount "127"]
[EventDate "2000.09.03"]
[EventType "swiss"]
[EventRounds "11"]
[EventCountry "ESP"]
[SourceTitle "CBM 079"]
[Source "ChessBase"]
[SourceDate "2000.11.21"]
[SourceVersion "1"]
[SourceVersionDate "2000.11.21"]
[SourceQuality "1"]

1. e4 {Tyomkin,D} d6 2. d4 Nf6 3. Nc3 g6 4. g3 Bg7 5. Bg2 O-O 6. h3 Nbd7 7. Be3
Rb8 8. a4 b6 9. Nge2 c5 10. d5 $6 $146 {This is not the best idea to close the
center in this moment: black gets a good play over the queenside by a7-a6 and
b6-b5.} (10. O-O cxd4 11. Bxd4 a6 12. Nd5 Bb7 13. c4 e6 14. Nxf6+ Nxf6 15. Nc3
Bc6 16. Qd3 Qc7 17. Rfd1 Rfd8 18. Rd2 a5 19. Rad1 Rdc8 20. b3 Qe7 21. e5 $1
dxe5 22. Bxe5 Bxg2 23. Kxg2 Rb7 24. Qf3 $16 {1-0 Gluzman,M-West,G/Melbourne
1993}) 10... a6 11. g4 {Just a preparation for b6-b5-b4 of black- white
transfers his knights to g3 and the second to e2 in that case.} b5 12. axb5
axb5 13. Ng3 Nb6 14. Nce2 (14. Nxb5 $2 Nbxd5 {[%csl Rb5]}) 14... e6 (14... Nc4
15. Bc1 {[%cal Ga1a2,Gb2b3]}) 15. dxe6 fxe6 16. f4 (16. g5 $6 Ne8 17. Bxc5 Bxb2
18. Ra2 Nc4 $15) (16. O-O Bb7 $15 (16... Nc4 17. Bc1 d5 $15)) 16... Nfd7 {
[%csl Yc5][%cal Gd6d5]} 17. Bc1 d5 18. O-O (18. exd5 Bb7 19. O-O (19. dxe6 Bxg2
20. Rh2 Bb7 21. exd7 Rf7 $17 {[%csl Re1][%cal Gf7d7]}) 19... Bxd5 $15) 18... d4
(18... Bb7 $15) 19. g5 Bb7 20. h4 (20. e5 $6 {[%cal Gg3e4]} Bxg2 21. Kxg2 Ra8
$1) 20... Ra8 21. Rxa8 Qxa8 22. c3 Rd8 (22... e5 $5 {using unability of white
to push f4-f5.} 23. cxd4 exd4 24. b4 $1 $13) 23. Kh2 Nf8 24. cxd4 cxd4 25. Qd3
Na4 {[%cal Ga4c5] Knight is going to c5 to remove blocade of d4-pawn.} 26. b4 {
[%csl Gc3,Rc5]} (26. Qxb5 $2 d3 $19) 26... Nc3 27. Bb2 Nxe2 28. Nxe2 Qa2 29.
Rb1 $6 {To capture d4-pawn was a bit risky, but probably was possible.} (29.
Bxd4 $142 e5 (29... Bxd4 30. Nxd4 Qb2 31. Rd1 e5 32. fxe5 Ne6 33. Qxb5 Bxe4 34.
Nf3 (34. Ne2 $143 $6 Rxd1 35. Qe8+ Nf8 36. e6 Qg7 37. e7 Bxg2 38. Kxg2 Qf7 39.
exf8=Q+ Qxf8 40. Qe6+ Qf7 41. Qc8+ Kg7 42. Qc3+ Kf8 $17) 34... Rxd1 35. Qe8+
Nf8 36. e6 Qg7 37. e7 Bxf3 38. exf8=Q+ Qxf8 39. Qe6+ Qf7 40. Qc8+ Kg7 41. Qc3+
Kf8 42. Bxf3 Qf4+ 43. Kh3 Rd4 $11) 30. fxe5 Ne6 31. Kh1 Bxe5 32. Qxb5 Nxd4 33.
Nxd4 Bxe4 34. Qe2 Bxg2+ 35. Kxg2 Qxe2+ 36. Nxe2 Rd2 37. Kf3 Rb2 $11) 29... e5
$1 $17 30. Nc1 Qf7 (30... Qc4 $142 $5) 31. Qb3 $1 {The best chance for white
is to go to the ending.} (31. fxe5 Bxe5+ 32. Kg1 Qf4 $19 {[%cal Gf4h2,Gf4h4]})
31... exf4 (31... Ne6 32. fxe5 (32. f5 Nf4 $17) 32... Bxe5+ 33. Kg1 Nf4 34.
Qxf7+ Kxf7 35. Bf3 Bc7 $15 {[%csl Rf4][%cal Rd4d1,Gc7b6]}) 32. Qxf7+ Kxf7 33.
Nd3 Ne6 34. e5 $1 Bxg2 35. Kxg2 {[%csl Yd4,Yf4,Rg7][%cal Gg2f3,Gf3e4,Gh7h6]
White king is coming into the center now, and black pieces are bound in
defense of pawns d4 and f4. The only way to activate someting is to break on
the kingside by h7-h6 as fast as possible.} Rc8 $6 (35... h6 36. gxh6 Bxh6 $17)
36. Rc1 Rc4 37. Kf3 h6 38. gxh6 Bxh6 39. Ra1 Bf8 40. Ra7+ Be7 41. Bc1 (41. Nxf4
Nxf4 42. Kxf4 d3+ 43. Ke3 Rxh4 $17 {[%cal Gf7e6]} 44. Kxd3 $140 Rxb4) 41... Rc3
42. Ke4 {Suddenly white pieces become very active, and it comletely
compensates the pawn.} g5 43. h5 (43. Bb2 $5 Rc2 44. hxg5 Nxg5+ 45. Kd5 $1 Rd2
46. e6+ Nxe6 47. Ne5+ Kf6 48. Ra6 Bxb4 49. Rxe6+ Kf5 50. Bc1 Rd1 (50... Re2 51.
Nc6 Rxe6 52. Nxd4+ Kg4 53. Kxe6 $11) 51. Nc6 Rxc1 (51... Bc3 52. Bxf4 Kxf4 53.
Re4+ Kg5 54. Nxd4 b4 55. Kc4 $11) 52. Re5+ Kg4 53. Nxb4 Rd1 54. Ke4 $11) 43...
f3 $2 (43... Rc2 $142 $17 {[%cal Gc2e2,Ge2h2]}) 44. Bb2 Rb3 45. Bxd4 g4 (45...
Nxd4 46. Kxd4 g4 47. h6 g3 48. h7 g2 49. h8=Q g1=Q+ 50. Ke4 Qg6+ 51. Kf4 Rxd3 {
[%tqu "En","","","","e5e6","",10]} 52. e6+ $3 Qxe6 53. Qh7+ Kf8 54. Qxd3 Qf6+
55. Kg3 Qh4+ 56. Kxf3 Qh3+ 57. Ke4 Qh7+ 58. Ke3 Bg5+ 59. Ke2 Qxa7 60. Qf5+ $11)
46. Bf2 Ng5+ $2 {Black doesnt feel a danger.} (46... Rc3 $142 47. Nc5 Rc4+ 48.
Kd5 Nf4+ 49. Kc6 $13) 47. Kd4 $2 {White blundered a tactical trick, which
leads to the decisive advantage.} (47. Kf5 $142 $1 Rxd3 (47... Ne6 48. Bh4 Nd4+
49. Kxg4 Nc6 50. e6+ $1 Kg7 (50... Kxe6 $2 51. Rxe7+ $1 Nxe7 52. Nc5+ $18) 51.
Rc7 Rxd3 52. Bxe7 Nxe7 53. Rxe7+ Kf6 54. Rf7+ Kxe6 55. Rxf3 Rd4+ 56. Rf4 Rd1
57. h6 $18) 48. Bc5 Nh3 49. Rxe7+ Kg8 50. Kg6 $18) 47... Ke6 48. Bh4 Bd8 49.
Bxg5 Bb6+ 50. Nc5+ Kf5 51. e6 Bxa7 52. e7 Bxc5+ 53. bxc5 Rb4+ 54. Kd5 Re4 55.
c6 Re5+ 56. Kd4 Re4+ 57. Kd5 f2 $2 {Wrong calculation-it was neccesary to
force draw by checks. Forthcoming transformation to the queens ending is in
whites favour.} (57... Re5+ $11) 58. c7 f1=Q 59. c8=Q+ Kxg5 60. Qg8+ Kh4 61.
Kxe4 Qe2+ 62. Kf5 {Black can not take e7-pawn because of mate.} Qf3+ 63. Ke5
Qe3+ 64. Kf6 {White probably wins here.} (64. Kf6 Qf4+ 65. Kg7 Qe5+ 66. Kf8
Qf6+ 67. Ke8 g3 68. Qg6 Qxg6+ 69. hxg6 g2 70. Kf8 g1=Q 71. e8=Q $18) 1-0

[Event "Mondariz zt 1.1"]
[Site "Mondariz"]
[Date "2000.09.13"]
[Round "10"]
[White "Magem Badals, Jordi"]
[Black "Nijboer, Friso"]
[Result "0-1"]
[WhiteElo "2482"]
[BlackElo "2537"]
[Annotator "Kaspi,A"]
[PlyCount "68"]
[EventDate "2000.09.03"]
[EventType "swiss"]
[EventRounds "11"]
[EventCountry "ESP"]
[SourceTitle "CBM 079"]
[Source "ChessBase"]
[SourceDate "2000.11.21"]
[SourceVersion "1"]
[SourceVersionDate "2000.11.21"]
[SourceQuality "1"]

1. e4 {Tyomkin,D} d6 2. d4 g6 3. Nc3 Bg7 4. Bg5 c6 5. Qd2 b5 6. f4 Nf6 7. Bd3
O-O 8. Nf3 Bg4 9. O-O-O Nbd7 (9... b4 10. Ne2 d5 11. Bxf6 Bxf6 12. e5 Bg7 13.
f5 c5 14. dxc5 Nc6 $6 (14... Qa5 $142 $13) 15. e6 Qa5 16. exf7+ Kh8 17. Kb1
gxf5 18. Ng5 $16 {1-0 Luczak,A-Pribyl,J/Lodz 1979/MCD (31)}) 10. f5 $146 {
White begins an immediate action over the kingside.} (10. h3 Bxf3 11. gxf3 Qa5
12. Kb1 Nb6 $4 (12... b4 $142 $13) 13. Nd5 $18 {1-0 Norwood,D-Beaumont,C/
Plymouth 1989/CBM 15 (21)}) 10... b4 11. Ne2 d5 12. exd5 Nxd5 13. fxg6 (13.
Rdf1 Qa5 14. Kb1 Rab8 $1 {[%cal Rd5c3,Gc6c5] and Black outstrips white this
way.}) 13... fxg6 (13... hxg6 14. Bh6 Qa5 15. Bc4 $1 N7b6 16. Bb3 $14) 14. h4
Qa5 15. Kb1 Be6 {[%cal Ye6a2,Gd5c3]} 16. Qe1 $16 {[%csl Re6][%cal Gh4h5,Ye2c1]
White protects his king by Nc1, and develops strong initiative on the kingside
by h4-h5.} Rxf3 $5 {The idea of this positional sacrifice of exchange is slow
down whites attack over the kingside. After whites h4-h5, B on g5 will be
unprotected and black can use it tactically, as you may see from the line 18.
h5.} (16... c5 17. h5 $40) (16... Bf7 17. h5 $40) 17. gxf3 Bf7 18. Nc1 {
[%csl Ya2] Preventing Nc3 ideas of black.} ({18.h5 looks logical, but after
the sac of exchange, bishop g5 is unprotected and black has a way to use it:} 
18. h5 N5b6 $1 {[%csl Ra2,Rg5] Double attack. 18...Nc3 doesnt work now:} (18...
Nc3+ 19. bxc3 Bxa2+ 20. Kc1 bxc3 (20... Qxg5+ 21. f4 $18) 21. Qxc3 Qxg5+ 22. f4
$18) 19. Bxe7 Qxa2+ 20. Kc1 Re8 21. Qh4 (21. hxg6 Bxg6 22. Bxg6 hxg6 23. Qxb4 (
23. Bxb4 Nc4 $1 {mate is coming.}) 23... Rxe7 $1 24. Qxe7 Nc4 $19) 21... Nd5
22. Bd6 {It looks like white has built the defense, but suddenly...} {[%tqu
"En","Black has a way to continue the attack. May you find it?","","","d7c5",
"Only Fritz can find moves like this one!",10]} Nc5 $3 {Only Fritz can find
moves like this one!} 23. Bxc5 (23. dxc5 Qxb2+ 24. Kd2 Bc3+ 25. Nxc3 bxc3#) (
23. Be4 Nxe4 24. fxe4 Bh6+) 23... Bh6+ 24. f4 Rxe2 $19) 18... Qb6 (18... Bxd4
$2 19. Nb3 $18 {[%cal Yd1d4]}) 19. Be4 (19. Nb3 a5 {[%cal Ga5a4]}) 19... N7f6
20. h5 (20. Nb3 a5 $44) 20... Nxh5 {White doesnt stand a pressure, and returns
an exchange, but, unfortunately, the forthcoming position is worse for white.}
21. Rxh5 $2 (21. Nb3 $142 a5 22. Nc5 a4 (22... Bxd4 23. Nd7 Qa7 24. Bxd5 cxd5 (
24... Bxd5 25. Qxe7 Bg7 26. Rxh5 $1) 25. Ne5 $16) 23. Nd7 Qc7 24. Ne5 $16)
21... gxh5 22. Qg1 {[%csl Yd4][%cal Rg5h6]} Kh8 23. Bxd5 cxd5 24. Bxe7 a5 25.
Bc5 Qf6 {Black has a pair of bishops and passed remoted h-pawn, which defines
the advantage of black.} 26. Nd3 Rc8 {[%cal Gf7g6,Rf6b2,Rg7b2,Yc8c5]} 27. f4
Bg6 28. Ne5 Be4 29. Qe3 Qf5 {[%csl Gc2]} 30. Qf2 $4 {[%mdl 8192] Just
blundering tactics.} (30. Nd3 Rc6 {[%cal Gc6f6,Gc6g6,Gc6h6]} 31. Rf1 h4 $17 {
[%cal Gc6g6,Yg6g3]}) {[%tqu "En","White had missed a tactical blow with his
last move.","","","c8c5","",5]} 30... Rxc5 $19 {[%csl Yd4][%cal Rg7e5,Rf5f2]
The point is that white queen is unprotected now.} 31. dxc5 Bxe5 32. c6 Qxf4
33. Qxf4 Bxf4 34. Rf1 Be5 0-1

[Event "Linares-03"]
[Site "Linares"]
[Date "1981.01.18"]
[Round "2"]
[White "Kavalek, Lubomir"]
[Black "Christiansen, Larry Mark"]
[Result "1/2-1/2"]
[WhiteElo "2550"]
[BlackElo "2515"]
[Annotator "Kharitonov,A"]
[PlyCount "23"]
[EventDate "1981.01.17"]
[EventType "tourn"]
[EventRounds "11"]
[EventCountry "ESP"]
[EventCategory "13"]
[SourceTitle "MCL"]
[Source "ChessBase"]
[SourceDate "1999.07.01"]
[SourceVersion "1"]
[SourceVersionDate "1999.07.01"]
[SourceQuality "1"]

1. e4 d6 2. d4 g6 3. c3 Nf6 4. Nd2 Bg7 5. Ngf3 O-O 6. Bd3 (6. Be2 Nc6 7. b4 (7.
O-O Re8 8. Qc2 e5 9. dxe5 Nxe5 10. Nxe5 Rxe5 $10) 7... a6 8. O-O Nd7 9. Qc2 (9.
Nc4 b5 10. Ne3 Nb6 11. Rb1 Bd7 12. c4 Na4 13. Qd2 e5 14. dxe5 Nxe5 15. Nxe5
Bxe5 $1 $13 {Lengyel,L-Hort,V/Moscow 1975/0:1 (57)/}) 9... e5 10. dxe5 Ndxe5
$13) 6... Nc6 (6... Nbd7 7. O-O e5 8. dxe5 $6 (8. Re1 $142 Re8 9. Nf1) 8...
dxe5 9. Nc4 Qe7 10. b4 b6 11. Qc2 Bb7 $10 {Ree,H-Planinc,A/Amsterdam/1974/0:1 
(34)/}) 7. O-O (7. d5 Nb8 8. O-O c6 $13) 7... e5 8. Re1 (8. dxe5 Nxe5 9. Nxe5
dxe5 $10) (8. d5 Ne7 9. c4 Nh5 $13) 8... Nh5 $1 9. dxe5 (9. Nb3 Nf4 $13) 9...
Nxe5 10. Nxe5 dxe5 11. Nf3 h6 (11... Nf4 12. Bxf4 exf4 $13) 12. Be3 (12. Be3
Qf6 {/\Nf4 /}) 1/2-1/2

[Event "Oslo Cup"]
[Site "Oslo"]
[Date "1991.??.??"]
[Round "4"]
[White "Djurhuus, Rune"]
[Black "Watson, William N"]
[Result "0-1"]
[WhiteElo "2400"]
[BlackElo "2505"]
[Annotator "King,D"]
[PlyCount "120"]
[EventDate "1991.03.??"]
[EventType "tourn"]
[EventRounds "9"]
[EventCountry "NOR"]
[EventCategory "9"]
[SourceTitle "CBM 023"]
[Source "ChessBase"]
[SourceDate "1991.08.01"]
[SourceVersion "1"]
[SourceVersionDate "1991.08.01"]
[SourceQuality "1"]

1. d4 d6 2. e4 Nf6 3. Nc3 g6 4. Nge2 Bg7 5. g3 O-O 6. Bg2 e5 7. h3 Nc6 8. Be3
Re8 9. O-O a6 10. a4 Bd7 $6 (10... exd4 11. Nxd4 Nb4 $1) 11. d5 $1 Ne7 12. f4
$5 {>= 12.Qd2 +/=} exf4 13. Nxf4 $13 (13. gxf4 Nh5 $13) 13... b5 14. Bd4 b4 15.
Nce2 Nc8 16. g4 h6 17. Ng3 Nb6 18. b3 c5 19. dxc6 Bxc6 20. e5 Nfd5 21. e6 fxe6
22. Bxg7 Kxg7 23. Bxd5 Nxd5 24. Nxd5 Bxd5 25. Qd4+ Kg8 26. Rf6 Qe7 27. Raf1 Rf8
28. Rxg6+ Kh7 29. Rgf6 Rxf6 30. Rxf6 Qa7 31. Qxa7+ Rxa7 32. Ne2 Kg7 33. Rf1 Rc7
34. Nd4 Rc3 35. Kh2 Kg6 36. Rf2 Re3 37. Rd2 a5 38. Rf2 Kg5 39. Rd2 Kh4 40. Rd3
Re1 41. Nf3+ Bxf3 42. Rxf3 Re2+ 43. Kg1 Rxc2 44. Rf6 Kxh3 45. Rxe6 d5 46. Rd6
Kg3 47. Kf1 Kf3 48. Ke1 Ke3 49. Kd1 Rd2+ 50. Kc1 Rd4 51. Rxh6 Rxg4 52. Rh3+ Ke4
53. Rh2 d4 54. Rh5 Rg1+ 55. Kd2 Rg2+ 56. Kd1 Rg1+ 57. Kd2 Rg2+ 58. Kd1 d3 59.
Rh4+ Ke3 60. Rh3+ Kd4 0-1

[Event "NED-ch50"]
[Site "Amsterdam"]
[Date "1995.06.10"]
[Round "2"]
[White "Van der Wiel, John"]
[Black "Nijboer, Friso"]
[Result "1-0"]
[WhiteElo "2570"]
[BlackElo "2510"]
[Annotator "King,D"]
[PlyCount "63"]
[EventDate "1995.06.09"]
[EventType "tourn"]
[EventRounds "11"]
[EventCountry "NED"]
[EventCategory "11"]
[SourceTitle "CBM 048"]
[Source "ChessBase"]
[SourceDate "1995.10.01"]
[SourceVersion "1"]
[SourceVersionDate "1995.10.01"]
[SourceQuality "1"]

1. e4 d6 2. d4 g6 3. Nc3 Bg7 4. Be3 c6 5. Qd2 b5 6. h4 Nf6 7. f3 h5 8. a4 b4 9.
Nd1 a5 10. Nh3 Bxh3 11. Rxh3 Nbd7 12. Nf2 O-O 13. g4 c5 14. Bb5 cxd4 15. Bxd4
Rc8 16. O-O-O Nc5 17. Kb1 {White has the better position as Black's play on
the queenside has been largely blocked.} hxg4 18. Nxg4 Nxg4 19. Bxg7 Kxg7 20.
fxg4 {In order to defend against White's threat of h5, Black has to weaken
himself with ...e5.} e5 21. Qd5 Qe7 22. h5 Ne6 23. Qxd6 Qxd6 24. Rxd6 Ng5 25.
Re3 gxh5 26. gxh5 Rfd8 27. h6+ Kh7 28. Bd7 Ra8 29. Red3 Kh8 30. Bf5 Rxd6 31.
Rxd6 Nf3 32. Rd7 1-0